| 000 | 00808nam a22002177a 4500 | ||
|---|---|---|---|
| 999 |
_c1842 _d1842 |
||
| 003 | AR-CdUCM | ||
| 008 | 190228b ||||| |||| 00| 0 spa d | ||
| 020 | _a968184212X | ||
| 040 |
_aMUNICIPALIDAD PROVINCIAL DEL CUSCO _cBIBLIOTECA MUNICIPAL DEL CUSCO |
||
| 082 |
_a338.60 / _bO47 |
||
| 100 |
_aOlson, Mancur _96750 |
||
| 245 |
_aLa lógica de la acción colectiva : _bBienes públicos y la teoría de grupos / |
||
| 260 |
_aMéxico, D.F : _bEdit. LimusaSA, _c1992 |
||
| 300 |
_a199 paginas ; _c23 cm. |
||
| 505 | _aAcción de retención --Adamic,Louis --Administración Roosevelt --Administración Truman --Agentes del condado ... | ||
| 650 |
_aComportamiento organizacional _96751 |
||
| 650 |
_aEconomia _9382 |
||
| 650 |
_aGrupos de trabajo _96752 |
||
| 942 |
_2ddc _cLIBROS |
||
| 945 |
_arjall _d2019-02-28 |
||